Adherence to Long-term Therapies : (Record no. 8103)
[ view plain ]
| 000 -LEADER | |
|---|---|
| fixed length control field | 01771cam a22003017a 4500 |
| 001 - CONTROL NUMBER | |
| control field | 13313664 |
| 003 - CONTROL NUMBER IDENTIFIER | |
| control field | OSt |
| 005 - DATE AND TIME OF LATEST TRANSACTION | |
| control field | 20251107150446.0 |
| 008 - FIXED-LENGTH DATA ELEMENTS--GENERAL INFORMATION | |
| fixed length control field | 030515s2003 sz a b i000 0 eng d |
| 010 ## - LIBRARY OF CONGRESS CONTROL NUMBER | |
| LC control number | 2003362254 |
| 020 ## - INTERNATIONAL STANDARD BOOK NUMBER | |
| International Standard Book Number | 9241545992 |
| 035 ## - SYSTEM CONTROL NUMBER | |
| System control number | (OCoLC)ocm52253251 |
| 040 ## - CATALOGING SOURCE | |
| Original cataloging agency | PIT |
| Transcribing agency | PIT |
| Modifying agency | VAM |
| -- | DLC |
| 042 ## - AUTHENTICATION CODE | |
| Authentication code | lccopycat |
| 050 00 - LIBRARY OF CONGRESS CALL NUMBER | |
| Classification number | RA644.5 |
| Item number | .A34 2003 |
| 082 00 - DEWEY DECIMAL CLASSIFICATION NUMBER | |
| Classification number | W85 A41w 2003. |
| Edition number | 22 |
| 100 ## - MAIN ENTRY--PERSONAL NAME | |
| Personal name | Edited by Sabaté, Eduardo |
| 9 (RLIN) | 19508 |
| 245 00 - TITLE STATEMENT | |
| Title | Adherence to Long-term Therapies : |
| Remainder of title | evidence for action |
| 260 ## - PUBLICATION, DISTRIBUTION, ETC. (IMPRINT) | |
| Place of publication, distribution, etc. | Geneva; |
| Name of publisher, distributor, etc. | W H O, |
| Date of publication, distribution, etc. | 2003. |
| 300 ## - PHYSICAL DESCRIPTION | |
| Extent | xv, 198 p. : |
| Other physical details | col. ill. ; |
| Dimensions | 26 cm. |
| 504 ## - BIBLIOGRAPHY, ETC. NOTE | |
| Bibliography, etc | Includes bibliographical references. |
| 505 0# - FORMATTED CONTENTS NOTE | |
| Formatted contents note | Ch. I. Defining adherence -- Ch. II. The magnitude of the problem of poor adherence -- Ch. III. How does poor adherence affect policy makers and health managers? -- Ch. IV. Lessons learned -- Ch. V. Towards the solution -- Ch. VI. How can improved adherence be translated into health and economics benefits? -- Ch. VII. Asthma -- Ch. VIII. Cancer (palliative care) -- Ch. IX. Depression -- Ch. X. Diabetes -- Ch. XI. Epilepsy -- Ch. XII. HIV/AIDS -- Ch. XIII. Hypertension -- Ch. XIV. Tobacco smoking cessation -- Ch. XV. Tuberculosis -- Annex I. Behavioural mechanisms explaining adherence -- Annex II. Statements by stakeholders -- Annex III. Table of reported factors by condition and dimension -- Annex IV. Table of reported interventions by condition and dimension -- Annex V. Global adherence interdisciplinary network (GAIN). |
| 650 #0 - SUBJECT ADDED ENTRY--TOPICAL TERM | |
| Topical term or geographic name as entry element | Chronic diseases |
| General subdivision | Treatment. |
| 9 (RLIN) | 16516 |
| 650 #0 - SUBJECT ADDED ENTRY--TOPICAL TERM | |
| Topical term or geographic name as entry element | Therapies |
| 9 (RLIN) | 16517 |
| 906 ## - LOCAL DATA ELEMENT F, LDF (RLIN) | |
| a | 7 |
| b | cbc |
| c | copycat |
| d | 3 |
| e | ncip |
| f | 20 |
| g | y-gencatlg |
| 942 ## - ADDED ENTRY ELEMENTS (KOHA) | |
| Source of classification or shelving scheme | Dewey Decimal Classification |
| Koha item type | Open Shelf |
| Withdrawn status | Lost status | Source of classification or shelving scheme | Damaged status | Not for loan | Home library | Current library | Date acquired | Source of acquisition | Inventory number | Total Checkouts | Full call number | Barcode | Date last seen | Price effective from | Koha item type |
|---|---|---|---|---|---|---|---|---|---|---|---|---|---|---|---|
| Other/Generic Classification Scheme | MUST Main Library | MUST Main Library | 22/03/2023 | Donation | 05/23308 | W85 A41W 2003. | 2023-0384 | 22/03/2023 | 22/03/2023 | Open Shelf |
